| 000 | 01670nam0a2200301 4500 | ||
|---|---|---|---|
| 001 | RU\NLR\bibl\1140296 | ||
| 005 | 20260407102442.0 | ||
| 010 |
_a978-5-7882-0399-7 _9100 |
||
| 021 |
_aRU _b2007-60539 _93233 |
||
| 035 | _a(NLR Aleph) 001127160 | ||
| 090 |
_a1334826 _c1334826 |
||
| 100 | _a20071015d2007 |||y0rusy50 ca | ||
| 101 | 0 | _arus | |
| 102 | _aRU | ||
| 105 | _ay ||||||||| | ||
| 200 | 1 |
_aПолитология _eучебное пособие _e[для студентов высших учебных заведений, обучающихся по специальности "Государственное и муниципальное управление"] _fФедер. агентство по образованию, Гос. образоват. учреждение высш. проф. образования "Казан. гос. технол. ун-т" _g[К.С. Идиатуллина и др. _gпод ред. К.С. Идиатуллиной] |
|
| 210 |
_aКазань _cКГТУ _d2007 |
||
| 215 |
_a197 с. _d21 |
||
| 320 | _aБиблиогр.: с. 192-195 (60 назв.) и в подстроч. прим. | ||
| 606 | 1 |
_aПолитология _jУчебные издания для высших учебных заведений _91294414 _3RU\NLR\auth\66217824 |
|
| 686 | _aФ.в.я73 | ||
| 702 | 1 |
_aИдиатуллина _bК. С. _gКлара Салиховна _4220 |
|
| 712 | 0 | 2 |
_4570 _aКазанский государственный технологический университет _3RU\NLR\AUTH\889930491 _9356531 |
| 801 | 0 |
_aRU _bNLR _c20071015 _gRCR |
|
| 801 | 1 |
_aRU _bNLR _c20071015 |
|
| 942 | _cBOOK | ||
| 980 | _aNB | ||